| 000 | 00484nam a2200193Ia 4500 | ||
|---|---|---|---|
| 003 | GCL | ||
| 008 | 140319s9999 xx 000 0 eng d | ||
| 040 |
_aGCL / _cGCL |
||
| 082 | 0 | 4 |
_a664.3 _bB. O |
| 100 | 1 | _aBREWSTER, J. L | |
| 245 | 1 | 0 |
_aONIONS AND OTHER VEGETABLE ALLIUMS / _cBREWSTER, J. L |
| 260 |
_a[S.N] : _bCAB INTERNATIONAL ، _c1994 |
||
| 300 | _a236 P | ||
| 650 | 0 | 4 | _aFOOD |
| 650 | 0 | 4 | _aVEGETABLES |
| 650 | 0 | 4 | _aFOOD COMPOSITION |
| 650 | 0 | 4 | _aONION |
| 942 |
_2ddc _cBK |
||
| 999 |
_c14330 _d14330 |
||